Start your pet-sitting business / (Record no. 304022)
[ view plain ]
| 000 -LEADER | |
|---|---|
| fixed length control field | 01739nam a2200469Ii 4500 |
| 001 - CONTROL NUMBER | |
| control field | on1003488627 |
| 003 - CONTROL NUMBER IDENTIFIER | |
| control field | OCoLC |
| 005 - DATE AND TIME OF LATEST TRANSACTION | |
| control field | 20200320205350.0 |
| 008 - FIXED-LENGTH DATA ELEMENTS--GENERAL INFORMATION | |
| fixed length control field | 170913t20172018mnua j b 001 0 eng c |
| 010 ## - LIBRARY OF CONGRESS CONTROL NUMBER | |
| LC control number | 2016047901 |
| 020 ## - INTERNATIONAL STANDARD BOOK NUMBER | |
| International Standard Book Number | 9781515766896 (library binding) |
| 020 ## - INTERNATIONAL STANDARD BOOK NUMBER | |
| International Standard Book Number | 1515766896 (library binding) |
| 020 ## - INTERNATIONAL STANDARD BOOK NUMBER | |
| Terms of availability | 20.99 |
| 035 ## - SYSTEM CONTROL NUMBER | |
| System control number | (OCoLC)1003488627 |
| 040 ## - CATALOGING SOURCE | |
| Original cataloging agency | PNX |
| Language of cataloging | eng |
| Description conventions | rda |
| Transcribing agency | PNX |
| Modifying agency | PNX |
| -- | WACOL |
| 049 ## - LOCAL HOLDINGS (OCLC) | |
| Holding library | WACL |
| 050 00 - LIBRARY OF CONGRESS CALL NUMBER | |
| Classification number | SF414.34 |
| Item number | .G34 2017 |
| 082 04 - DEWEY DECIMAL CLASSIFICATION NUMBER | |
| Classification number | 636.088/7 |
| Edition number | 23 |
| 092 ## - LOCALLY ASSIGNED DEWEY CALL NUMBER (OCLC) | |
| Classification number | J636.088 |
| Item number | Gag |
| 100 1# - MAIN ENTRY--PERSONAL NAME | |
| Personal name | Gagne, Tammy, |
| Relator term | author. |
| 9 (RLIN) | 5813032 |
| 245 10 - TITLE STATEMENT | |
| Title | Start your pet-sitting business / |
| Statement of responsibility, etc | by Tammy Gagne. |
| 246 3# - VARYING FORM OF TITLE | |
| Title proper/short title | Start your pet sitting business |
| 264 #1 - Production, Publication, Distribution, Manufacture, and Copyright Notice. | |
| Place of production, publication, distribution, manufacture | North Mankato, Minnesota : |
| Name of producer, publisher, distributor, manufacturer | Capstone Press, |
| Date of production, publication, distribution, manufacture, or copyr | [2017] |
| 264 #4 - Production, Publication, Distribution, Manufacture, and Copyright Notice. | |
| Date of production, publication, distribution, manufacture, or copyr | ©2018 |
| 300 ## - PHYSICAL DESCRIPTION | |
| Extent | 32 pages : |
| Other physical details | color illustrations ; |
| Dimensions | 27 cm. |
| 336 ## - Content Type | |
| Content type term | text |
| 337 ## - Media type | |
| Media type term | unmediated |
| 338 ## - Carrier type | |
| Carrier type term | volume |
| 490 0# - SERIES STATEMENT | |
| Series statement | Snap books. Build your business |
| 521 1# - TARGET AUDIENCE NOTE | |
| Target audience note | Ages 8-14. |
| 521 2# - TARGET AUDIENCE NOTE | |
| Target audience note | Grades 4 to 6. |
| 504 ## - BIBLIOGRAPHY, ETC. NOTE | |
| Bibliography, etc | Includes bibliographical references (page 31) and index. |
| 505 0# - FORMATTED CONTENTS NOTE | |
| Formatted contents note | Getting started -- Advertising your business -- Getting it done right -- The secrets to success -- What comes next. |
| 650 #0 - SUBJECT ADDED ENTRY--TOPICAL TERM | |
| Topical term or geographic name as entry element | Pet sitting |
| Form subdivision | Juvenile literature. |
| 9 (RLIN) | 5952933 |
| 650 #0 - SUBJECT ADDED ENTRY--TOPICAL TERM | |
| Topical term or geographic name as entry element | Money-making projects for children |
| Form subdivision | Juvenile literature. |
| 9 (RLIN) | 5702147 |
| 650 #0 - SUBJECT ADDED ENTRY--TOPICAL TERM | |
| Topical term or geographic name as entry element | New business enterprises |
| Form subdivision | Juvenile literature. |
| 9 (RLIN) | 5952934 |
| 650 #0 - SUBJECT ADDED ENTRY--TOPICAL TERM | |
| Topical term or geographic name as entry element | Entrepreneurship |
| Form subdivision | Juvenile literature. |
| 9 (RLIN) | 5756391 |
| 942 ## - ADDED ENTRY ELEMENTS (KOHA) | |
| Koha item type | BOOK |
| 948 ## - LOCAL PROCESSING INFORMATION (OCLC); SERIES PART DESIGNATOR (RLIN) | |
| Series part designator, SPT (RLIN) | 10/04/2017 |
| z (OCLC) | Sirsi |
| 994 ## - | |
| -- | C0 |
| -- | WACOL |
| 996 ## - | |
| -- | 144843 |
| -- | 34301001502758 |
| -- | JNF |
| -- | bk |
| -- | wcl |
| -- | i |
| -- | 3 |
| -- | 20.99 |
| -- | penworthy |
| -- | 636.088 Gag |
| -- | 10/06/2017 |
| -- | 08/29/2019 |
| -- | 08/05/2019 |
| Withdrawn status | Lost status | Source of classification or shelving scheme | Damaged status | Not for loan | Collection code | Home library | Current library | Shelving location | Date acquired | Source of acquisition | Cost, normal purchase price | Total Checkouts | Total Renewals | Full call number | Barcode | Date last seen | Date checked out | Cost, replacement price | Price effective from | Koha item type |
|---|---|---|---|---|---|---|---|---|---|---|---|---|---|---|---|---|---|---|---|---|
| Dewey Decimal Classification | Junior NonFiction | Wasatch County Library | Wasatch County Library | Second Floor | 10/06/2017 | Penworthy | 20.99 | 11 | 9 | J 636.088 Gag | 34301001502758 | 01/28/2026 | 12/29/2025 | 20.99 | 03/20/2020 | BOOK |
